书目信息 |
| 题名: |
文理工英语教学大纲6000词
|
|
| 作者: | 葛起闾 主编 | |
| 分册: | ||
| 出版信息: | 杭州 浙江大学出版社 1989.02 |
|
| 页数: | 455页 | |
| 开本: | 32开 | |
| 丛书名: | ||
| 单 册: | ||
| 中图分类: | H319.2 | |
| 科图分类: | ||
| 主题词: | 英语 | |
| 电子资源: | ||
| ISBN: | 7-308-00065-6 | |
| 000 | 00571nam0 2200193 45 | |
| 001 | 0010061725 | |
| 005 | 20001006171643.0 | |
| 010 | @a7-308-00065-6@d11.00元 | |
| 100 | @a20001006d1989 km y0chiy0120 ea | |
| 101 | 0 | @achi |
| 105 | @a z 000yy | |
| 200 | 1 | @a文理工英语教学大纲6000词@AWen Li Gong Ying Yu Jiao Xue Da Gang 6000 Ci@f葛起闾 主编@FGe Qi Lu Zhu Bian |
| 210 | @a杭州@c浙江大学出版社@d1989.02 | |
| 215 | @a455页@d32开 | |
| 606 | 0 | @a英语 |
| 690 | @aH319.2@v3 | |
| 701 | 0 | @a葛起闾@4主编 |
| 801 | @aCN@bPftUser@c20001006 | |
| 905 | @b169104-108@dH319.2@eG458@f5 | |
| 文理工英语教学大纲6000词/葛起闾 主编.-杭州:浙江大学出版社,1989.02 |
| 455页;32开 |
| ISBN 7-308-00065-6:11.00元 |
| ● |
| 相关链接 |
|
|
|
正题名:文理工英语教学大纲6000词
索取号:H319.2/G458
 
预约/预借
| 序号 | 登录号 | 条形码 | 馆藏地/架位号 | 状态 | 备注 |
| 1 | 169104 | 201691044 | 语言库209/209语言库 42排2列6层/ [索取号:H319.2/G458] | 在馆 | |
| 2 | 169105 | 201691053 | 期刊室512/209语言库 42排2列6层/ [索取号:H319.2/G458] | 在馆 | |
| 3 | 169106 | 201691062 | 社科二线400B/400B社科库 8排4列3层/ [索取号:H319.2/G458] | 在馆 | |
| 4 | 169107 | 201691071 | 语言库209/209语言库 42排2列6层/ [索取号:H319.2/G458] | 在馆 | |
| 5 | 169108 | 201691080 | 社科二线400B/400B社科库 8排4列3层/ [索取号:H319.2/G458] | 在馆 |